[Event "Anapa Sea Harbor op"]
[Site "Anapa"]
[Date "2023.06.05"]
[Round "4"]
[White "Safonov, Yaroslav"]
[Black "Sudnik, Pavel"]
[Result "0-1"]
[WhiteElo "1475"]
[BlackElo "1905"]
[PlyCount "48"]
[EventDate "2023.06.02"]
[EventType "swiss"]
[EventRounds "9"]
[EventCountry "RUS"]
[SourceTitle "CBM 214 Extra"]
[Source "ChessBase"]
[SourceDate "2023.07.31"]
[SourceVersion "1"]
[SourceVersionDate "2023.07.31"]
[SourceQuality "1"]

1. e4 c5 2. d4 cxd4 3. Qxd4 Nc6 4. Qd3 Nf6 5. Nc3 e6 6. Nf3 Bc5 7. e5 Ng4 8. Ne4 Qb6 9. Be2 Nxf2 10. Nxf2 Bxf2+ 11. Kf1 Bd4 12. Qe4 f5 13. Qf4 Bxb2 14. Bxb2 Qxb2 15. Rd1 Qxc2 16. Qg5 0-0 17. Qh5 f4 18. Rd3 Nb4 19. Nd4 Qb1+ 20. Rd1 Qg6 21. Qh3 Nc2 22. Kf2 Nxd4 23. Rxd4 Qf5 24. Qf3 Qxe5 0-1

[Event "Moscow Time of the First U11"]
[Site "Moscow"]
[Date "2019.06.18"]
[Round "3"]
[White "Gidaspov, Alexander"]
[Black "Safonov, Yaroslav"]
[Result "0-1"]
[WhiteElo "1002"]
[BlackElo "1270"]
[PlyCount "51"]
[EventDate "2019.06.17"]
[EventType "swiss"]
[EventRounds "9"]
[EventCountry "RUS"]
[SourceTitle "EXT 2021"]
[Source "ChessBase"]
[SourceDate "2020.10.23"]
[SourceVersion "1"]
[SourceVersionDate "2020.10.23"]
[SourceQuality "1"]

1. e4 c5 2. Nf3 Nc6 3. c3 Nf6 4. e5 Nd5 5. d4 cxd4 6. cxd4 e6 7. Nc3 Bb4 8. Bd2 Bxc3 9. Bxc3 b6 10. Bc4 Nxc3 11. bxc3 0-0 12. 0-0 Ne7 13. d5 g6 14. d6 Nf5 15. Qd2 Bb7 16. Be2 f6 17. exf6 Qxf6 18. Qg5 Qxc3 19. Bb5 Bxf3 20. gxf3 Qxf3 21. Bxd7 Nd4 22. Bxe6+ Nxe6 23. Qg3 Qxg3+ 24. fxg3 Rad8 25. Rad1 Rxf1+ 26. Kxf1 0-1